Cure Albums Tile Select - Statistics

General Stats
  • This quiz has been taken 42 times
  • The average score is 38 of 45
Answer Stats
Question Tile Select % Correct
the following songs that are on Disintegration (1989). The Kiss No
100%
the following songs that are on Disintegration (1989). Trust No
100%
the following songs that are on Pornography (1982). A Forest No
97%
the following songs that are on Disintegration (1989). Lullaby Yes
97%
the following songs that are on Wish (1992). Mint Car No
97%
the following songs that are on Pornography (1982). One Hundred Years Yes
97%
the following songs that are on Disintegration (1989). Fascination Street Yes
94%
the following songs that are on Kiss Me, Kiss Me, Kiss Me (1987). Just Like Heaven Yes
94%
the following songs that are on Disintegration (1989). Like Cockatoos No
94%
the following songs that are on Disintegration (1989). Lovesong Yes
94%
the following songs that are on The Head on the Door (1985). The Empty World No
94%
the following songs that are on Kiss Me, Kiss Me, Kiss Me (1987). Why Can't I Be You? Yes
94%
the following songs that are on The Head on the Door (1985). Bananafishbones No
91%
the following songs that are on Wish (1992). Friday I'm in Love Yes
91%
the following songs that are on Disintegration (1989). High No
91%
the following songs that are on Pornography (1982). Primary No
91%
the following songs that are on Kiss Me, Kiss Me, Kiss Me (1987). Six Different Ways No
91%
the following songs that are on Wish (1992). The 13th No
91%
the following songs that are on Pornography (1982). The Hanging Garden Yes
91%
the following songs that are on Kiss Me, Kiss Me, Kiss Me (1987). Boys Don't Cry No
88%
the following songs that are on The Head on the Door (1985). Close to Me Yes
88%
the following songs that are on Wish (1992). Homesick No
88%
the following songs that are on Kiss Me, Kiss Me, Kiss Me (1987). Hot Hot Hot!!! Yes
88%
the following songs that are on Disintegration (1989). Pictures of You Yes
88%
the following songs that are on Wish (1992). A Letter to Elise Yes
84%
the following songs that are on Wish (1992). Never Enough No
84%
the following songs that are on Pornography (1982). The Drowning Man No
84%
the following songs that are on The Head on the Door (1985). The Walk No
84%
the following songs that are on Kiss Me, Kiss Me, Kiss Me (1987). Catch Yes
81%
the following songs that are on Pornography (1982). Charlotte Sometimes No
81%
the following songs that are on The Head on the Door (1985). In Between Days Yes
81%
the following songs that are on The Head on the Door (1985). Kyoto Song Yes
81%
the following songs that are on Kiss Me, Kiss Me, Kiss Me (1987). The Caterpillar No
81%
the following songs that are on Wish (1992). From the Edge of the Deep Green Sea Yes
78%
the following songs that are on The Head on the Door (1985). A Night Like This Yes
75%
the following songs that are on The Head on the Door (1985). Let's Go to Bed No
75%
the following songs that are on The Head on the Door (1985). The Baby Screams Yes
69%
the following songs that are on Pornography (1982). The Figurehead Yes
69%
the following songs that are on Disintegration (1989). The Same Deep Water as You Yes
69%
the following songs that are on Wish (1992). End Yes
66%
the following songs that are on Wish (1992). Open Yes
66%
the following songs that are on Pornography (1982). A Short Term Effect Yes
63%
the following songs that are on Pornography (1982). Cold Yes
63%
the following songs that are on Kiss Me, Kiss Me, Kiss Me (1987). Torture Yes
63%
the following songs that are on Kiss Me, Kiss Me, Kiss Me (1987). A Thousand Hours Yes
44%
No matching quizzes found
Score Distribution
Percent of People with Each Score
Percentile by Number Answered
Your Score History
You have not taken this quiz